000 00497nam a2200181Ia 4500
008 240925s9999 xx 000 0 und d
020 _a9971512289
082 _a530 HAL
100 _aHalliday, David; Walker, Jearl ; Resnick, Robert
245 0 _aFundamentals of Physics
250 _a5th
260 _aNew York:
_bJohn Wiley & Sons
_c,1997.
300 _axi,442p.
_bNA
_fPhotocopy
500 _aIncludes Index
600 _aEngineering Technology
650 _aNatural Science
942 _cBK
999 _c6481
_d6481